000 00281nam a2200133Ia 4500
008 230312s9999||||xx |||||||||||||| ||und||
082 _a612
_bPHA
245 0 _aPharma Guide
260 _c2010
300 _a1764
546 _aEng.
650 _aPharmacy
_vPharma guide
942 _cBK
999 _c4725
_d4725